[Event "DVM U20 2021"]
[Site "Kiel GER"]
[Date "2022.07.24"]
[Round "4"]
[White "Vuckovic, Robert"]
[Black "Pavlov, Liliane"]
[Result "1-0"]
[Termination "normal"]
[Board "6.5"]
[WhiteElo "1845"]
[BlackElo "1758"]
[WhiteClock "00:14:26"]
[BlackClock "00:05:52"]
[WhiteTeam "Schachfreunde Augsburg"]
[BlackTeam "SC Bavaria Regensburg von 1881 e.V."]
[PlyCount "79"]
[WhiteFideId "12998680"]
[BlackFideId "16225449"]
[EventCountry "GER"]
[EventRounds "7"]
[EventType "team-swiss"]
[EventDate "2022.07.22"]

1. e4 {[%clk 01:30:58]} {[%emt 00:00:03]} c5 {[%clk 01:30:51]} {[%emt
00:00:08]} 2. Nc3 {[%clk 01:31:22]} {[%emt 00:00:07]} Nc6 {[%clk 01:30:26]}
{[%emt 00:00:54]} 3. Nge2 {[%clk 01:27:00]} {[%emt 00:04:52]} g6 {[%clk
01:30:24]} {[%emt 00:00:32]} 4. d4 {[%clk 01:26:05]} {[%emt 00:01:25]} cxd4
{[%clk 01:28:08]} {[%emt 00:02:46]} 5. Nxd4 {[%clk 01:26:28]} {[%emt 00:00:07]}
Bg7 {[%clk 01:23:00]} {[%emt 00:05:38]} 6. Be3 {[%clk 01:24:02]} {[%emt
00:02:56]} a6 {[%clk 01:17:37]} {[%emt 00:05:53]} 7. Qd2 {[%clk 01:20:30]}
{[%emt 00:04:03]} Nf6 {[%clk 01:13:28]} {[%emt 00:04:38]} 8. O-O-O {[%clk
01:13:43]} {[%emt 00:07:17]} O-O {[%clk 01:11:21]} {[%emt 00:02:37]} 9. Be2
{[%clk 01:12:07]} {[%emt 00:02:05]} Nxd4 {[%clk 01:07:11]} {[%emt 00:04:41]}
10. Bxd4 {[%clk 01:11:15]} {[%emt 00:01:21]} d6 {[%clk 01:04:59]} {[%emt
00:02:42]} 11. f4 {[%clk 01:08:36]} {[%emt 00:03:10]} b5 {[%clk 01:02:16]}
{[%emt 00:03:13]} 12. e5 {[%clk 01:07:29]} {[%emt 00:01:37]} dxe5 {[%clk
01:01:50]} {[%emt 00:00:56]} 13. fxe5 {[%clk 01:07:45]} {[%emt 00:00:14]} Ng4
{[%clk 01:01:21]} {[%emt 00:00:59]} 14. Bxg4 {[%clk 01:06:49]} {[%emt
00:01:26]} Bxg4 {[%clk 01:01:31]} {[%emt 00:00:20]} 15. Rde1 {[%clk 01:05:00]}
{[%emt 00:02:19]} Qa5 {[%clk 00:58:40]} {[%emt 00:03:21]} 16. Qe3 {[%clk
01:04:59]} {[%emt 00:00:30]} Rab8 {[%clk 00:54:17]} {[%emt 00:04:54]} 17. Kb1
{[%clk 00:42:11]} {[%emt 00:23:18]} Be6 {[%clk 00:50:21]} {[%emt 00:04:26]} 18.
b3 {[%clk 00:41:50]} {[%emt 00:00:51]} Rfc8 {[%clk 00:48:34]} {[%emt 00:02:16]}
19. Ne4 {[%clk 00:40:18]} {[%emt 00:02:02]} Bd5 {[%clk 00:45:42]} {[%emt
00:03:23]} 20. Re2 {[%clk 00:39:27]} {[%emt 00:01:20]} b4 {[%clk 00:44:35]}
{[%emt 00:01:38]} 21. Nc5 {[%clk 00:36:40]} {[%emt 00:03:17]} Qb5 {[%clk
00:41:19]} {[%emt 00:03:45]} 22. Rd1 {[%clk 00:30:55]} {[%emt 00:06:15]} e6
{[%clk 00:38:46]} {[%emt 00:03:04]} 23. Na4 {[%clk 00:23:12]} {[%emt 00:08:13]}
Bc6 {[%clk 00:29:55]} {[%emt 00:09:21]} 24. Bc5 {[%clk 00:20:50]} {[%emt
00:02:52]} Rd8 {[%clk 00:28:56]} {[%emt 00:01:29]} 25. Bd6 {[%clk 00:18:57]}
{[%emt 00:02:22]} Bf8 {[%clk 00:21:24]} {[%emt 00:08:02]} 26. Red2 {[%clk
00:15:24]} {[%emt 00:04:03]} Bxd6 {[%clk 00:20:23]} {[%emt 00:01:31]} 27. exd6
{[%clk 00:14:21]} {[%emt 00:01:33]} Qh5 {[%clk 00:16:41]} {[%emt 00:04:13]} 28.
Nc5 {[%clk 00:13:19]} {[%emt 00:01:31]} a5 {[%clk 00:14:06]} {[%emt 00:03:05]}
29. d7 {[%clk 00:13:35]} {[%emt 00:00:14]} Bd5 {[%clk 00:11:35]} {[%emt
00:03:02]} 30. h3 {[%clk 00:12:34]} {[%emt 00:01:31]} Bxg2 {[%clk 00:08:06]}
{[%emt 00:03:58]} 31. Nxe6 {[%clk 00:12:46]} {[%emt 00:00:18]} fxe6 {[%clk
00:08:23]} {[%emt 00:00:13]} 32. Qxe6+ {[%clk 00:13:00]} {[%emt 00:00:16]} Kh8
{[%clk 00:07:44]} {[%emt 00:01:10]} 33. Re1 {[%clk 00:12:29]} {[%emt 00:01:00]}
Qxh3 {[%clk 00:06:01]} {[%emt 00:02:13]} 34. Qf6+ {[%clk 00:12:39]} {[%emt
00:00:20]} Kg8 {[%clk 00:06:09]} {[%emt 00:00:22]} 35. Re7 {[%clk 00:12:48]}
{[%emt 00:00:22]} Qh6 {[%clk 00:04:44]} {[%emt 00:01:54]} 36. Qf7+ {[%clk
00:12:55]} {[%emt 00:00:23]} Kh8 {[%clk 00:05:05]} {[%emt 00:00:09]} 37. Re8+
{[%clk 00:13:18]} {[%emt 00:00:07]} Rxe8 {[%clk 00:05:17]} {[%emt 00:00:18]}
38. dxe8=Q+ {[%clk 00:13:40]} {[%emt 00:00:08]} Rxe8 {[%clk 00:05:31]} {[%emt
00:00:16]} 39. Qxe8+ {[%clk 00:14:02]} {[%emt 00:00:08]} Kg7 {[%clk 00:05:52]}
{[%emt 00:00:09]} 40. Qe7+ {[%clk 00:14:26]} {[%emt 00:00:06]} 1-0

[Event "DVM U20 2021"]
[Site "Kiel GER"]
[Date "2022.07.24"]
[Round "4"]
[White "Neugirg, Mika"]
[Black "Rempel, Alexander"]
[Result "1/2-1/2"]
[Termination "normal"]
[Board "6.6"]
[WhiteElo "1553"]
[BlackElo "1401"]
[WhiteClock "00:16:05"]
[BlackClock "00:04:27"]
[WhiteTeam "SC Bavaria Regensburg von 1881 e.V."]
[BlackTeam "Schachfreunde Augsburg"]
[PlyCount "79"]
[WhiteFideId "34619160"]
[BlackFideId "34618600"]
[EventCountry "GER"]
[EventRounds "7"]
[EventType "team-swiss"]
[EventDate "2022.07.22"]

1. b3 {[%clk 01:30:59]} {[%emt 02:06:51]} a5 {[%clk 01:30:26]} {[%emt
00:00:36]} 2. Bb2 {[%clk 01:30:49]} {[%emt 00:00:38]} a4 {[%clk 01:29:49]}
{[%emt 00:01:07]} 3. e3 {[%clk 01:30:49]} {[%emt 00:00:30]} Nf6 {[%clk
01:21:43]} {[%emt 00:08:36]} 4. Nf3 {[%clk 01:30:09]} {[%emt 00:01:09]} e6
{[%clk 01:20:42]} {[%emt 00:01:32]} 5. a3 {[%clk 01:27:44]} {[%emt 00:02:50]}
Be7 {[%clk 01:17:29]} {[%emt 00:03:48]} 6. b4 {[%clk 01:25:51]} {[%emt
00:02:20]} c6 {[%clk 01:10:14]} {[%emt 00:07:48]} 7. c4 {[%clk 01:23:02]}
{[%emt 00:03:16]} d5 {[%clk 01:02:11]} {[%emt 00:08:35]} 8. d4 {[%clk
01:21:51]} {[%emt 00:01:40]} Ne4 {[%clk 00:55:36]} {[%emt 00:07:06]} 9. Nbd2
{[%clk 01:19:39]} {[%emt 00:02:42]} Nxd2 {[%clk 00:53:06]} {[%emt 00:03:01]}
10. Qxd2 {[%clk 01:19:25]} {[%emt 00:00:44]} O-O {[%clk 00:48:45]} {[%emt
00:04:51]} 11. Bd3 {[%clk 01:17:35]} {[%emt 00:02:17]} b6 {[%clk 00:44:57]}
{[%emt 00:04:21]} 12. c5 {[%clk 01:10:11]} {[%emt 00:07:52]} b5 {[%clk
00:44:11]} {[%emt 00:01:18]} 13. Qc2 {[%clk 01:08:14]} {[%emt 00:02:24]} h6
{[%clk 00:40:30]} {[%emt 00:04:15]} 14. Ne5 {[%clk 01:07:22]} {[%emt 00:01:20]}
Bb7 {[%clk 00:39:20]} {[%emt 00:01:40]} 15. O-O-O {[%clk 01:04:22]} {[%emt
00:03:30]} Nd7 {[%clk 00:38:26]} {[%emt 00:01:25]} 16. f4 {[%clk 01:03:07]}
{[%emt 00:01:43]} f5 {[%clk 00:32:56]} {[%emt 00:06:02]} 17. Nxd7 {[%clk
00:57:02]} {[%emt 00:06:33]} Qxd7 {[%clk 00:33:12]} {[%emt 00:00:15]} 18. Rdg1
{[%clk 00:56:22]} {[%emt 00:01:08]} Rf7 {[%clk 00:30:31]} {[%emt 00:03:13]} 19.
h3 {[%clk 00:53:24]} {[%emt 00:03:26]} Raf8 {[%clk 00:26:05]} {[%emt 00:04:58]}
20. g4 {[%clk 00:50:36]} {[%emt 00:03:17]} Qd8 {[%clk 00:25:36]} {[%emt
00:01:01]} 21. Qh2 {[%clk 00:45:55]} {[%emt 00:05:08]} Bh4 {[%clk 00:24:05]}
{[%emt 00:02:03]} 22. Qg2 {[%clk 00:43:58]} {[%emt 00:02:24]} Kh7 {[%clk
00:21:37]} {[%emt 00:03:02]} 23. Qf3 {[%clk 00:27:34]} {[%emt 00:16:52]} g6
{[%clk 00:19:30]} {[%emt 00:02:39]} 24. gxf5 {[%emt 00:03:47]} exf5 {[%clk
00:18:47]} {[%emt 00:01:01]} 25. Qg2 {[%clk 00:23:22]} {[%emt 00:01:36]} Rg8
{[%clk 00:17:43]} {[%emt 00:01:35]} 26. Bc3 {[%clk 00:20:28]} {[%emt 00:03:21]}
Qe7 {[%clk 00:09:59]} {[%emt 00:08:16]} 27. Bd2 {[%clk 00:20:31]} {[%emt
00:00:25]} Bc8 {[%clk 00:08:59]} {[%emt 00:01:32]} 28. Qf3 {[%clk 00:19:54]}
{[%emt 00:01:05]} Bd7 {[%clk 00:06:38]} {[%emt 00:02:54]} 29. Bc2 {[%clk
00:18:55]} {[%emt 00:01:29]} Bc8 {[%clk 00:06:19]} {[%emt 00:00:49]} 30. Rg2
{[%clk 00:18:32]} {[%emt 00:00:53]} Bd7 {[%clk 00:05:42]} {[%emt 00:01:07]} 31.
Be1 {[%clk 00:17:26]} {[%emt 00:01:35]} Bc8 {[%clk 00:04:41]} {[%emt 00:01:31]}
32. Bxh4 {[%clk 00:16:20]} {[%emt 00:01:36]} Qxh4 {[%clk 00:04:53]} {[%emt
00:00:18]} 33. Qg3 {[%clk 00:16:20]} {[%emt 00:00:30]} Qxg3 {[%clk 00:05:00]}
{[%emt 00:00:23]} 34. Rxg3 {[%clk 00:16:42]} {[%emt 00:00:08]} Bd7 {[%clk
00:05:00]} {[%emt 00:00:30]} 35. Rhg1 {[%clk 00:16:53]} {[%emt 00:00:19]} Bc8
{[%clk 00:04:50]} {[%emt 00:00:40]} 36. h4 {[%clk 00:16:44]} {[%emt 00:00:38]}
h5 {[%clk 00:05:10]} {[%emt 00:00:12]} 37. Bd1 {[%clk 00:16:55]} {[%emt
00:00:17]} Rfg7 {[%clk 00:04:49]} {[%emt 00:00:53]} 38. Rg5 {[%clk 00:16:46]}
{[%emt 00:00:38]} Kh6 {[%clk 00:04:51]} 39. Kd2 {[%clk 00:16:05]} {[%emt
00:01:39]} Bd7 {[%clk 00:04:27]} 40. Kd3 {[%emt 00:03:15]} 1/2-1/2

[Event "DVM U20 2021"]
[Site "Kiel GER"]
[Date "2022.07.24"]
[Round "4"]
[White "Arndt, Magnus"]
[Black "Pralle, Finnegan"]
[Result "1-0"]
[Termination "normal"]
[Board "7.1"]
[WhiteTitle "FM"]
[WhiteElo "2359"]
[BlackElo "1912"]
[WhiteClock "00:23:40"]
[BlackClock "00:24:17"]
[WhiteTeam "SK Doppelbauer Kiel"]
[BlackTeam "Biebertaler Schachfreunde"]
[PlyCount "93"]
[WhiteFideId "12998656"]
[BlackFideId "12986615"]
[EventCountry "GER"]
[EventRounds "7"]
[EventType "team-swiss"]
[EventDate "2022.07.22"]

1. d4 {[%clk 01:30:55]} {[%emt 00:00:04]} Nf6 {[%clk 01:30:42]} {[%emt
00:00:19]} 2. c4 {[%clk 01:31:18]} {[%emt 00:00:07]} e6 {[%clk 01:31:08]}
{[%emt 00:00:05]} 3. g3 {[%clk 01:31:44]} {[%emt 00:00:03]} d5 {[%clk
01:31:30]} {[%emt 00:00:07]} 4. Bg2 {[%clk 01:32:09]} {[%emt 00:00:05]} b6
{[%clk 01:31:39]} {[%emt 00:00:21]} 5. cxd5 {[%clk 01:32:15]} {[%emt 00:00:24]}
exd5 {[%clk 01:31:59]} {[%emt 00:00:10]} 6. Nf3 {[%clk 01:32:41]} {[%emt
00:00:03]} Bb7 {[%clk 01:32:15]} {[%emt 00:00:14]} 7. O-O {[%clk 01:31:55]}
{[%emt 00:01:16]} Nbd7 {[%clk 01:31:59]} {[%emt 00:00:46]} 8. Nc3 {[%clk
01:31:05]} {[%emt 00:01:20]} Be7 {[%clk 01:30:26]} {[%emt 00:02:03]} 9. Bf4
{[%clk 01:30:27]} {[%emt 00:01:08]} O-O {[%clk 01:29:07]} {[%emt 00:01:50]} 10.
Rc1 {[%clk 01:30:18]} {[%emt 00:00:39]} a6 {[%clk 01:27:43]} {[%emt 00:01:54]}
11. Ne5 {[%clk 01:26:21]} {[%emt 00:04:26]} Bd6 {[%clk 01:25:30]} {[%emt
00:02:44]} 12. Qa4 {[%clk 01:01:54]} {[%emt 00:24:57]} b5 {[%clk 01:22:35]}
{[%emt 00:03:25]} 13. Qc2 {[%clk 00:57:35]} {[%emt 00:04:48]} Re8 {[%clk
01:22:34]} {[%emt 00:00:31]} 14. Nd3 {[%clk 00:55:41]} {[%emt 00:02:23]} Bxf4
{[%clk 01:20:26]} {[%emt 00:02:39]} 15. Nxf4 {[%clk 00:54:45]} {[%emt
00:01:26]} Nf8 {[%clk 01:18:34]} {[%emt 00:02:23]} 16. a4 {[%clk 00:51:43]}
{[%emt 00:03:32]} c6 {[%clk 01:16:02]} {[%emt 00:03:01]} 17. e3 {[%clk
00:49:49]} {[%emt 00:02:23]} b4 {[%clk 01:15:16]} {[%emt 00:01:17]} 18. Nb1
{[%clk 00:49:30]} {[%emt 00:00:49]} a5 {[%clk 01:15:14]} {[%emt 00:00:32]} 19.
Nd2 {[%clk 00:48:20]} {[%emt 00:01:40]} Ne6 {[%clk 01:13:08]} {[%emt 00:02:36]}
20. Nd3 {[%clk 00:47:01]} {[%emt 00:01:49]} Ba6 {[%clk 01:10:30]} {[%emt
00:03:09]} 21. Rfd1 {[%clk 00:45:33]} {[%emt 00:01:57]} Bxd3 {[%clk 01:09:08]}
{[%emt 00:01:53]} 22. Qxd3 {[%clk 00:46:00]} {[%emt 00:00:02]} Qb6 {[%clk
01:09:10]} {[%emt 00:00:27]} 23. Nb3 {[%clk 00:44:33]} {[%emt 00:01:58]} Rac8
{[%clk 01:09:04]} {[%emt 00:00:36]} 24. Qf5 {[%clk 00:34:45]} {[%emt 00:10:18]}
h6 {[%clk 01:01:26]} {[%emt 00:08:08]} 25. h4 {[%clk 00:33:11]} {[%emt
00:02:03]} Qa7 {[%clk 00:54:46]} {[%emt 00:07:11]} 26. Rc2 {[%emt 00:02:10]}
Nd7 {[%clk 00:52:35]} {[%emt 00:02:39]} 27. Rdc1 {[%clk 00:31:05]} {[%emt
00:00:58]} Qa8 {[%clk 00:52:00]} {[%emt 00:01:05]} 28. Bf1 {[%clk 00:24:53]}
{[%emt 00:06:41]} Nb6 {[%clk 00:51:14]} {[%emt 00:01:17]} 29. Bd3 {[%clk
00:20:33]} {[%emt 00:04:50]} Nf8 {[%clk 00:47:08]} {[%emt 00:04:35]} 30. Nc5
{[%clk 00:18:31]} {[%emt 00:02:33]} g6 {[%clk 00:45:36]} {[%emt 00:02:02]} 31.
Qf4 {[%clk 00:18:38]} {[%emt 00:00:20]} Ne6 {[%clk 00:44:17]} {[%emt 00:01:52]}
32. Nxe6 {[%clk 00:16:56]} {[%emt 00:02:11]} Rxe6 {[%clk 00:44:25]} {[%emt
00:00:22]} 33. Qxh6 {[%clk 00:16:52]} {[%emt 00:00:35]} Nxa4 {[%clk 00:44:08]}
{[%emt 00:00:48]} 34. h5 {[%clk 00:17:01]} {[%emt 00:00:20]} b3 {[%clk
00:40:39]} {[%emt 00:03:59]} 35. hxg6 {[%clk 00:17:00]} {[%emt 00:00:30]} fxg6
{[%clk 00:40:54]} {[%emt 00:00:16]} 36. Rd2 {[%clk 00:13:38]} {[%emt 00:03:52]}
Rc7 {[%clk 00:38:20]} {[%emt 00:03:04]} 37. e4 {[%clk 00:07:35]} {[%emt
00:06:33]} Nb6 {[%clk 00:37:03]} {[%emt 00:01:47]} 38. e5 {[%clk 00:05:31]}
{[%emt 00:02:34]} Rh7 {[%clk 00:35:08]} {[%emt 00:02:24]} 39. Qg5 {[%clk
00:05:53]} {[%emt 00:00:08]} Qe8 {[%clk 00:34:05]} {[%emt 00:01:33]} 40. f4
{[%clk 00:01:34]} {[%emt 00:04:50]} Rg7 {[%clk 00:28:17]} {[%emt 00:06:17]} 41.
Rh2 {[%clk 00:00:49]} {[%emt 00:01:15]} Qe7 {[%clk 00:27:41]} {[%emt 00:01:07]}
42. Qh6 {[%clk 00:26:16]} {[%emt 00:05:02]} Qb4 {[%clk 00:38:14]} {[%emt
00:19:57]} 43. f5 {[%clk 00:24:01]} {[%emt 00:02:46]} Qxd4+ {[%clk 00:38:07]}
{[%emt 00:00:37]} 44. Kh1 {[%clk 00:24:02]} {[%emt 00:00:29]} Qxe5 {[%clk
00:23:34]} {[%emt 00:15:03]} 45. fxe6 {[%clk 00:22:55]} {[%emt 00:01:36]} Qxe6
{[%clk 00:23:51]} {[%emt 00:00:14]} 46. Qh8+ {[%clk 00:23:15]} {[%emt
00:00:09]} Kf7 {[%clk 00:24:17]} {[%emt 00:00:05]} 47. Rf1+ {[%clk 00:23:40]}
{[%emt 00:00:05]} 1-0

[Event "DVM U20 2021"]
[Site "Kiel GER"]
[Date "2022.07.24"]
[Round "4"]
[White "Grunwald, Jonathan"]
[Black "Farokhi, Keyvan"]
[Result "0-1"]
[Termination "normal"]
[Board "7.2"]
[BlackTitle "FM"]
[WhiteElo "1801"]
[BlackElo "2332"]
[WhiteClock "00:06:42"]
[BlackClock "01:02:21"]
[WhiteTeam "Biebertaler Schachfreunde"]
[BlackTeam "SK Doppelbauer Kiel"]
[PlyCount "100"]
[WhiteFideId "12955744"]
[BlackFideId "12998630"]
[EventCountry "GER"]
[EventRounds "7"]
[EventType "team-swiss"]
[EventDate "2022.07.22"]

1. e4 {[%clk 01:30:58]} {[%emt 00:00:04]} c6 {[%clk 01:30:53]} {[%emt
00:00:05]} 2. d4 {[%clk 01:31:23]} {[%emt 00:00:05]} d5 {[%clk 01:31:19]}
{[%emt 00:00:05]} 3. Nc3 {[%clk 01:31:48]} {[%emt 00:00:03]} dxe4 {[%clk
01:31:43]} {[%emt 00:00:06]} 4. Nxe4 {[%clk 01:32:14]} {[%emt 00:00:03]} Bf5
{[%clk 01:32:04]} {[%emt 00:00:12]} 5. Ng3 {[%clk 01:32:39]} {[%emt 00:00:02]}
Bg6 {[%clk 01:32:29]} {[%emt 00:00:05]} 6. Nf3 {[%clk 01:33:03]} {[%emt
00:00:08]} Nd7 {[%clk 01:32:55]} {[%emt 00:00:02]} 7. Bd3 {[%clk 01:33:22]}
{[%emt 00:00:11]} Bxd3 {[%clk 01:33:11]} {[%emt 00:00:15]} 8. Qxd3 {[%clk
01:33:42]} {[%emt 00:00:10]} e6 {[%clk 01:33:16]} {[%emt 00:00:25]} 9. c4
{[%clk 01:32:33]} {[%emt 00:01:39]} Ngf6 {[%clk 01:33:26]} {[%emt 00:00:19]}
10. O-O {[%clk 01:32:40]} {[%emt 00:00:24]} Bd6 {[%clk 01:30:40]} {[%emt
00:03:15]} 11. b3 {[%clk 01:30:12]} {[%emt 00:02:59]} O-O {[%clk 01:30:41]}
{[%emt 00:00:28]} 12. Bb2 {[%clk 01:30:03]} {[%emt 00:00:39]} Qc7 {[%clk
01:30:45]} {[%emt 00:00:26]} 13. Rfe1 {[%clk 01:29:03]} {[%emt 00:01:31]} Rfd8
{[%clk 01:29:55]} {[%emt 00:01:19]} 14. Qc2 {[%clk 01:23:05]} {[%emt 00:06:29]}
a5 {[%clk 01:26:43]} {[%emt 00:03:41]} 15. Rac1 {[%clk 01:09:14]} {[%emt
00:14:21]} a4 {[%clk 01:24:18]} {[%emt 00:02:54]} 16. Ne5 {[%clk 01:02:38]}
{[%emt 00:07:07]} a3 {[%clk 01:08:40]} {[%emt 00:16:07]} 17. Ba1 {[%clk
01:02:31]} {[%emt 00:00:38]} Rac8 {[%clk 01:06:32]} {[%emt 00:02:38]} 18. f4
{[%clk 00:43:51]} {[%emt 00:19:10]} Bb4 {[%clk 01:05:56]} {[%emt 00:01:05]} 19.
Bc3 {[%clk 00:42:31]} {[%emt 00:01:51]} Bxc3 {[%clk 01:05:33]} {[%emt
00:00:53]} 20. Qxc3 {[%clk 00:42:57]} {[%emt 00:00:04]} c5 {[%clk 01:05:22]}
{[%emt 00:00:41]} 21. Rcd1 {[%clk 00:33:47]} {[%emt 00:09:41]} cxd4 {[%clk
00:58:15]} {[%emt 00:07:36]} 22. Rxd4 {[%clk 00:32:02]} {[%emt 00:02:15]} Nxe5
{[%clk 00:58:00]} {[%emt 00:00:45]} 23. fxe5 {[%clk 00:31:43]} {[%emt
00:00:49]} Qc5 {[%clk 00:55:57]} {[%emt 00:02:31]} 24. Red1 {[%clk 00:28:38]}
{[%emt 00:03:37]} Ng4 {[%clk 00:55:51]} {[%emt 00:00:35]} 25. Ne4 {[%clk
00:22:10]} {[%emt 00:06:58]} Rxd4 {[%clk 00:56:00]} {[%emt 00:00:20]} 26. Rxd4
{[%clk 00:21:53]} {[%emt 00:00:49]} Qxe5 {[%clk 00:55:49]} {[%emt 00:00:41]}
27. Ng3 {[%clk 00:19:52]} {[%emt 00:02:31]} Qg5 {[%clk 00:46:41]} {[%emt
00:09:37]} 28. h3 {[%clk 00:17:39]} {[%emt 00:02:45]} Nf6 {[%clk 00:46:34]}
{[%emt 00:00:35]} 29. Qf3 {[%clk 00:13:27]} {[%emt 00:04:43]} Qc5 {[%clk
00:46:02]} {[%emt 00:01:02]} 30. Qf2 {[%clk 00:13:03]} {[%emt 00:00:55]} b6
{[%clk 00:46:08]} {[%emt 00:00:23]} 31. Kf1 {[%clk 00:12:49]} {[%emt 00:00:44]}
Kf8 {[%clk 00:45:30]} {[%emt 00:01:07]} 32. Qd2 {[%clk 00:12:26]} {[%emt
00:00:55]} g6 {[%clk 00:43:56]} {[%emt 00:02:03]} 33. b4 {[%clk 00:08:47]}
{[%emt 00:04:09]} Qe5 {[%clk 00:44:00]} {[%emt 00:00:24]} 34. Qd3 {[%clk
00:08:14]} {[%emt 00:01:04]} Kg7 {[%clk 00:43:06]} {[%emt 00:01:25]} 35. Ne2
{[%clk 00:07:06]} {[%emt 00:01:38]} Ra8 {[%clk 00:41:02]} {[%emt 00:02:33]} 36.
Nc3 {[%clk 00:06:10]} {[%emt 00:01:27]} Nh5 {[%clk 00:39:03]} {[%emt 00:02:28]}
37. Kf2 {[%clk 00:05:12]} {[%emt 00:01:29]} Qf6+ {[%clk 00:38:02]} {[%emt
00:01:31]} 38. Kg1 {[%clk 00:03:58]} {[%emt 00:01:45]} Qe7 {[%clk 00:37:48]}
{[%emt 00:00:42]} 39. Rd6 {[%clk 00:03:05]} {[%emt 00:01:24]} Nf4 {[%clk
00:37:10]} {[%emt 00:01:07]} 40. Qd4+ {[%clk 00:00:45]} {[%emt 00:02:52]} e5
{[%clk 00:37:28]} {[%emt 00:00:11]} 41. Qxb6 {[%clk 00:28:02]} {[%emt
00:03:13]} Qg5 {[%clk 01:07:34]} {[%emt 00:00:23]} 42. Qb7 {[%clk 00:25:15]}
{[%emt 00:03:18]} Rb8 {[%clk 01:07:46]} {[%emt 00:00:17]} 43. Qf3 {[%clk
00:24:30]} {[%emt 00:01:17]} Rxb4 {[%clk 01:08:00]} {[%emt 00:00:15]} 44. Ne4
{[%clk 00:20:50]} {[%emt 00:04:09]} Qh4 {[%clk 01:05:59]} {[%emt 00:02:30]} 45.
Kh2 {[%clk 00:12:37]} {[%emt 00:08:45]} Rb2 {[%clk 01:03:31]} {[%emt 00:02:57]}
46. Rd2 {[%clk 00:12:07]} {[%emt 00:01:01]} Qe1 {[%clk 01:03:32]} {[%emt
00:00:27]} 47. Rf2 {[%clk 00:11:41]} {[%emt 00:00:57]} f5 {[%clk 01:02:42]}
{[%emt 00:01:20]} 48. Qxa3 {[%clk 00:10:47]} {[%emt 00:01:25]} Rb7 {[%clk
01:02:20]} {[%emt 00:00:49]} 49. Nd6 {[%clk 00:06:34]} {[%emt 00:04:45]} Qxf2
{[%clk 01:02:27]} {[%emt 00:00:23]} 50. Ne8+ {[%clk 00:06:42]} {[%emt
00:00:23]} Kf7 {[%clk 01:02:21]} {[%emt 00:00:35]} 0-1